Načítá se...

Reason,truth and history/

Podrobná bibliografie
Hlavní autor: Hilary Putnam
Médium: Printed Book
Vydáno: Cambridge: Cambridge University Press, 2004.
Témata:
LEADER 00515nam a22001571a 4500
999 |c 37706  |d 37706 
020 |a 9780521297769 
082 |a 121.3  |b HIL/R 
100 |a Hilary Putnam 
245 |a Reason,truth and history/  |c by Hilary Putnam 
260 |a Cambridge:  |b Cambridge University Press,  |c 2004. 
300 |a 222p. 
650 |a Reason 
650 |a Truth 
942 |c BK 
952 |0 0  |1 0  |4 0  |6 121_300000000000000_HIL_R  |7 0  |9 54612  |a SSUS  |b SSUS  |d 2015-01-08  |g 20.99  |l 1  |o 121.3 HIL/R  |p 048178  |r 2018-04-26  |s 2018-04-11  |v 0.00  |w 2015-01-08  |y BK